[Event "DEM U14 2024"]
[Site "Willingen GER"]
[Date "2024.05.19"]
[Round "1"]
[White "Henn, Jakob"]
[Black "Nuñez Grégoire, Daniel"]
[Result "0-1"]
[Termination "normal"]
[Board "19"]
[WhiteElo "1760"]
[BlackElo "1961"]
[WhiteClock "00:00:34"]
[BlackClock "00:01:08"]
[PlyCount "82"]
[WhiteFideId "34675060"]
[BlackFideId "34627103"]
[EventCountry "GER"]
[EventRounds "9"]
[EventType "swiss"]
[EventDate "2024.05.18"]

1. e4 {[%clk 01:30:56]} {[%emt 00:00:02]} e5 {[%clk 01:30:57]} {[%emt
00:00:04]} 2. Nf3 {[%clk 01:31:21]} {[%emt 00:00:05]} Nc6 {[%clk 01:31:24]}
{[%emt 00:00:03]} 3. Bc4 {[%clk 01:31:45]} {[%emt 00:00:06]} Bc5 {[%clk
01:31:48]} {[%emt 00:00:05]} 4. O-O {[%clk 01:31:58]} {[%emt 00:00:17]} Nf6
{[%clk 01:31:39]} {[%emt 00:00:40]} 5. d4 {[%clk 01:31:42]} {[%emt 00:00:46]}
exd4 {[%clk 01:31:23]} {[%emt 00:00:46]} 6. e5 {[%clk 01:32:04]} {[%emt
00:00:08]} d5 {[%clk 01:31:26]} {[%emt 00:00:27]} 7. exf6 {[%clk 01:32:25]}
{[%emt 00:00:08]} dxc4 {[%clk 01:31:50]} {[%emt 00:00:07]} 8. fxg7 {[%clk
01:32:42]} {[%emt 00:00:12]} Rg8 {[%clk 01:31:58]} {[%emt 00:00:22]} 9. Re1+
{[%clk 01:33:03]} {[%emt 00:00:09]} Be6 {[%clk 01:28:42]} {[%emt 00:03:47]} 10.
Bg5 {[%clk 01:32:42]} {[%emt 00:00:50]} Be7 {[%clk 01:25:37]} {[%emt 00:03:35]}
11. Bxe7 {[%clk 01:32:56]} {[%emt 00:00:16]} Qxe7 {[%clk 01:25:03]} {[%emt
00:01:04]} 12. Nxd4 {[%clk 01:33:08]} {[%emt 00:00:18]} Rd8 {[%clk 01:16:40]}
{[%emt 00:08:54]} 13. c3 {[%clk 01:33:22]} {[%emt 00:00:15]} Nxd4 {[%clk
01:03:41]} {[%emt 00:13:30]} 14. cxd4 {[%clk 01:33:43]} {[%emt 00:00:08]} c6
{[%clk 01:03:10]} {[%emt 00:01:01]} 15. Na3 {[%clk 01:13:34]} {[%emt 00:20:39]}
b5 {[%clk 00:58:37]} {[%emt 00:05:03]} 16. Qf3 {[%clk 01:11:11]} {[%emt
00:02:53]} Rd5 {[%clk 00:53:45]} {[%emt 00:05:22]} 17. Nc2 {[%clk 01:01:49]}
{[%emt 00:09:51]} Qd6 {[%clk 00:29:55]} {[%emt 00:24:21]} 18. a4 {[%clk
00:38:21]} {[%emt 00:23:58]} Rxg7 {[%clk 00:15:56]} {[%emt 00:14:29]} 19. Ne3
{[%clk 00:32:57]} {[%emt 00:05:51]} Kf8 {[%clk 00:15:19]} {[%emt 00:01:09]} 20.
axb5 {[%clk 00:27:29]} {[%emt 00:05:58]} cxb5 {[%clk 00:12:59]} {[%emt
00:02:51]} 21. Rxa7 {[%clk 00:22:53]} {[%emt 00:05:05]} Rg6 {[%clk 00:09:15]}
{[%emt 00:04:15]} 22. g3 {[%clk 00:12:09]} {[%emt 00:11:13]} Rxd4 {[%clk
00:07:14]} {[%emt 00:02:31]} 23. Nf5 {[%clk 00:11:15]} {[%emt 00:01:25]} Bxf5
{[%clk 00:05:43]} {[%emt 00:02:01]} 24. Qxf5 {[%clk 00:11:30]} {[%emt
00:00:15]} Qd5 {[%clk 00:04:32]} {[%emt 00:01:41]} 25. Qc8+ {[%clk 00:03:14]}
{[%emt 00:08:46]} Qd8 {[%clk 00:02:02]} {[%emt 00:03:00]} 26. Qc5+ {[%clk
00:03:28]} {[%emt 00:00:16]} Qd6 {[%clk 00:01:37]} {[%emt 00:00:56]} 27. Qf5
{[%clk 00:03:11]} {[%emt 00:00:47]} Qd5 {[%clk 00:01:36]} {[%emt 00:00:31]} 28.
Qc8+ {[%clk 00:01:39]} {[%emt 00:02:01]} Qd8 {[%clk 00:01:39]} {[%emt
00:00:28]} 29. Qc5+ {[%clk 00:01:40]} {[%emt 00:00:29]} Qd6 {[%clk 00:01:21]}
{[%emt 00:00:48]} 30. Qxb5 {[%clk 00:01:33]} {[%emt 00:00:37]} Kg7 {[%clk
00:00:53]} {[%emt 00:00:58]} 31. Qe8 {[%clk 00:00:50]} {[%emt 00:01:13]} Qd5
{[%clk 00:00:34]} {[%emt 00:00:49]} 32. Ra8 {[%clk 00:00:43]} {[%emt 00:00:37]}
Rd1 {[%clk 00:00:32]} {[%emt 00:00:32]} 33. Qf8+ {[%emt 00:00:35]} Kf6 {[%clk
00:00:55]} {[%emt 00:00:05]} 34. Ra6+ {[%clk 00:00:56]} {[%emt 00:00:14]} Kg5
{[%clk 00:00:35]} {[%emt 00:00:50]} 35. Qe7+ {[%clk 00:00:45]} {[%emt
00:00:41]} Kh6 {[%clk 00:00:35]} {[%emt 00:00:29]} 36. Qf8+ {[%clk 00:01:03]}
{[%emt 00:00:13]} Kg5 {[%clk 00:00:53]} {[%emt 00:00:12]} 37. h4+ {[%clk
00:00:35]} {[%emt 00:00:58]} Kg4 {[%clk 00:00:35]} {[%emt 00:00:48]} 38. Rxg6+
{[%clk 00:00:35]} {[%emt 00:00:30]} Kh3 {[%clk 00:00:37]} {[%emt 00:00:27]} 39.
Qc8+ {[%clk 00:00:55]} {[%emt 00:00:09]} f5 {[%clk 00:00:52]} {[%emt 00:00:16]}
40. Qxf5+ {[%clk 00:00:31]} {[%emt 00:00:54]} Qxf5 {[%clk 00:01:15]} {[%emt
00:00:07]} 41. Rxd1 {[%clk 00:00:34]} {[%emt 00:00:28]} Qf3 {[%clk 00:01:08]}
{[%emt 00:00:36]} 0-1

[Event "DEM U14 2024"]
[Site "Willingen GER"]
[Date "2024.05.19"]
[Round "1"]
[White "Skembris, Simon Max"]
[Black "Kaplan, Arne"]
[Result "1-0"]
[Termination "normal"]
[Board "20"]
[WhiteElo "2009"]
[BlackElo "1756"]
[WhiteClock "01:13:02"]
[BlackClock "00:41:45"]
[PlyCount "33"]
[WhiteFideId "16281381"]
[BlackFideId "34625194"]
[EventCountry "GER"]
[EventRounds "9"]
[EventType "swiss"]
[EventDate "2024.05.18"]

1. e4 {[%clk 01:30:52]} {[%emt 00:00:07]} e5 {[%clk 01:30:51]} {[%emt
00:00:09]} 2. Nf3 {[%clk 01:31:17]} {[%emt 00:00:05]} Nf6 {[%clk 01:31:16]}
{[%emt 00:00:05]} 3. Nxe5 {[%clk 01:29:33]} {[%emt 00:02:15]} d6 {[%clk
01:31:38]} {[%emt 00:00:07]} 4. Nf3 {[%clk 01:29:56]} {[%emt 00:00:07]} Nxe4
{[%clk 01:32:01]} {[%emt 00:00:07]} 5. Nc3 {[%clk 01:28:34]} {[%emt 00:01:53]}
Nxc3 {[%clk 01:32:21]} {[%emt 00:00:10]} 6. dxc3 {[%clk 01:29:00]} {[%emt
00:00:04]} Be7 {[%clk 01:32:45]} {[%emt 00:00:05]} 7. Be3 {[%clk 01:28:00]}
{[%emt 00:01:31]} Nc6 {[%clk 01:29:43]} {[%emt 00:03:31]} 8. Qd2 {[%clk
01:27:17]} {[%emt 00:01:14]} Be6 {[%clk 01:30:05]} {[%emt 00:00:07]} 9. Nd4
{[%clk 01:23:35]} {[%emt 00:04:12]} Nxd4 {[%clk 01:23:48]} {[%emt 00:06:47]}
10. cxd4 {[%clk 01:22:54]} {[%emt 00:01:11]} d5 {[%clk 01:23:17]} {[%emt
00:01:01]} 11. Bd3 {[%clk 01:21:16]} {[%emt 00:02:08]} Qd7 {[%clk 01:12:07]}
{[%emt 00:11:40]} 12. Bf4 {[%clk 01:18:47]} {[%emt 00:02:59]} Bd6 {[%clk
00:59:09]} {[%emt 00:13:28]} 13. O-O {[%clk 01:16:55]} {[%emt 00:02:21]} Bxf4
{[%clk 00:53:36]} {[%emt 00:06:05]} 14. Qxf4 {[%clk 01:17:17]} {[%emt
00:00:08]} O-O-O {[%clk 00:53:12]} {[%emt 00:00:54]} 15. Rfe1 {[%clk 01:13:55]}
{[%emt 00:03:51]} Rdg8 {[%clk 00:50:24]} {[%emt 00:03:18]} 16. Re5 {[%clk
01:12:58]} {[%emt 00:01:26]} f6 {[%clk 00:41:45]} {[%emt 00:09:10]} 17. Rxe6
{[%clk 01:13:02]} {[%emt 00:00:26]} 1-0

[Event "DEM U14 2024"]
[Site "Willingen GER"]
[Date "2024.05.19"]
[Round "1"]
[White "Han, Erdem"]
[Black "Derr, Oleg"]
[Result "1/2-1/2"]
[Termination "normal"]
[Board "21"]
[WhiteElo "1654"]
[BlackElo "1946"]
[WhiteClock "00:03:44"]
[BlackClock "00:49:31"]
[PlyCount "50"]
[WhiteFideId "533000646"]
[BlackFideId "34611517"]
[EventCountry "GER"]
[EventRounds "9"]
[EventType "swiss"]
[EventDate "2024.05.18"]

1. d4 {[%clk 01:30:57]} {[%emt 00:00:02]} Nf6 {[%clk 01:30:53]} {[%emt
00:00:07]} 2. c4 {[%clk 01:31:17]} {[%emt 00:00:10]} e6 {[%clk 01:31:17]}
{[%emt 00:00:05]} 3. Nc3 {[%clk 01:31:25]} {[%emt 00:00:23]} Bb4 {[%clk
01:31:41]} {[%emt 00:00:06]} 4. Qc2 {[%clk 01:26:25]} {[%emt 00:05:30]} d5
{[%clk 01:31:59]} {[%emt 00:00:13]} 5. Nf3 {[%clk 01:23:04]} {[%emt 00:03:50]}
O-O {[%clk 01:29:36]} {[%emt 00:02:52]} 6. Bg5 {[%clk 01:20:06]} {[%emt
00:03:28]} h6 {[%clk 01:26:18]} {[%emt 00:05:32]} 7. Bh4 {[%clk 01:19:52]} g5
{[%clk 01:23:41]} {[%emt 00:02:09]} 8. Bg3 {[%clk 01:19:39]} {[%emt 00:00:43]}
Ne4 {[%clk 01:23:18]} {[%emt 00:00:52]} 9. e3 {[%clk 01:16:05]} {[%emt
00:04:05]} b6 {[%clk 01:19:26]} {[%emt 00:04:21]} 10. Bd3 {[%clk 01:08:56]}
{[%emt 00:07:40]} Bb7 {[%clk 01:17:59]} {[%emt 00:01:57]} 11. O-O {[%clk
00:58:09]} {[%emt 00:11:17]} Nxg3 {[%clk 01:16:36]} {[%emt 00:01:54]} 12. hxg3
{[%clk 00:57:32]} {[%emt 00:01:06]} Nc6 {[%clk 01:13:03]} {[%emt 00:04:03]} 13.
Rfd1 {[%clk 00:53:02]} {[%emt 00:04:59]} Be7 {[%clk 01:11:21]} {[%emt
00:02:13]} 14. a3 {[%clk 00:49:59]} {[%emt 00:03:33]} Rc8 {[%clk 01:07:10]}
{[%emt 00:04:40]} 15. Rac1 {[%clk 00:46:50]} {[%emt 00:03:40]} Na5 {[%clk
01:02:30]} {[%emt 00:05:10]} 16. cxd5 {[%clk 00:36:34]} {[%emt 00:10:46]} exd5
{[%clk 01:02:28]} {[%emt 00:00:32]} 17. Bf5 {[%clk 00:34:35]} {[%emt 00:02:29]}
Ra8 {[%clk 01:02:18]} {[%emt 00:00:40]} 18. Ne5 {[%clk 00:32:10]} {[%emt
00:02:55]} a6 {[%clk 00:56:17]} {[%emt 00:06:31]} 19. Be6 {[%clk 00:24:29]}
{[%emt 00:08:11]} fxe6 {[%clk 00:47:38]} {[%emt 00:09:09]} 20. Qg6+ {[%clk
00:23:36]} {[%emt 00:01:23]} Kh8 {[%clk 00:47:58]} {[%emt 00:00:09]} 21. Qxh6+
{[%clk 00:22:31]} {[%emt 00:01:36]} Kg8 {[%clk 00:48:07]} {[%emt 00:00:21]} 22.
Qxe6+ {[%clk 00:20:44]} {[%emt 00:02:15]} Kg7 {[%clk 00:48:22]} {[%emt
00:00:16]} 23. Qg6+ {[%clk 00:19:31]} {[%emt 00:01:43]} Kh8 {[%clk 00:48:43]}
{[%emt 00:00:08]} 24. Qh6+ {[%clk 00:03:28]} {[%emt 00:16:34]} Kg8 {[%clk
00:49:06]} {[%emt 00:00:08]} 25. Qg6+ {[%clk 00:03:44]} {[%emt 00:00:14]} Kh8
{[%clk 00:49:31]} {[%emt 00:00:05]} 1/2-1/2

[Event "DEM U14 2024"]
[Site "Willingen GER"]
[Date "2024.05.19"]
[Round "1"]
[White "Albrecht, Neil"]
[Black "Keßler, Leo"]
[Result "1-0"]
[Termination "normal"]
[Board "22"]
[WhiteElo "1938"]
[BlackElo "1640"]
[WhiteClock "00:28:14"]
[BlackClock "00:47:14"]
[PlyCount "57"]
[WhiteFideId "34621091"]
[BlackFideId "533000638"]
[EventCountry "GER"]
[EventRounds "9"]
[EventType "swiss"]
[EventDate "2024.05.18"]

1. e4 {[%clk 01:30:45]} {[%emt 00:00:14]} e5 {[%clk 01:30:48]} {[%emt
00:00:13]} 2. Nf3 {[%clk 01:31:02]} {[%emt 00:00:12]} Nc6 {[%clk 01:31:13]}
{[%emt 00:00:06]} 3. Bb5 {[%clk 01:31:22]} {[%emt 00:00:10]} Bc5 {[%clk
01:31:20]} {[%emt 00:00:22]} 4. c3 {[%clk 01:29:30]} {[%emt 00:02:22]} f5
{[%clk 01:22:03]} {[%emt 00:09:48]} 5. Bxc6 {[%clk 01:14:49]} {[%emt 00:15:11]}
dxc6 {[%clk 01:22:11]} {[%emt 00:00:22]} 6. Nxe5 {[%clk 01:06:34]} {[%emt
00:08:44]} Bd6 {[%clk 01:22:07]} {[%emt 00:00:35]} 7. Qh5+ {[%clk 00:54:06]}
{[%emt 00:12:57]} g6 {[%clk 01:22:23]} {[%emt 00:00:14]} 8. Nxg6 {[%clk
00:54:00]} {[%emt 00:00:36]} Nf6 {[%clk 01:22:44]} {[%emt 00:00:08]} 9. Qh4
{[%clk 00:49:41]} {[%emt 00:04:50]} Rg8 {[%clk 01:23:02]} {[%emt 00:00:12]} 10.
e5 {[%clk 00:49:15]} {[%emt 00:00:57]} Rxg6 {[%clk 01:14:52]} {[%emt 00:08:40]}
11. exf6 {[%clk 00:43:46]} {[%emt 00:05:59]} Rxg2 {[%clk 01:09:58]} {[%emt
00:05:23]} 12. f7+ {[%clk 00:40:50]} {[%emt 00:03:27]} Kd7 {[%clk 01:10:11]}
{[%emt 00:00:16]} 13. Qxh7 {[%clk 00:38:32]} {[%emt 00:02:48]} Qe7+ {[%clk
01:07:58]} {[%emt 00:02:43]} 14. Kf1 {[%clk 00:37:53]} {[%emt 00:01:07]} Rg5
{[%clk 01:06:54]} {[%emt 00:01:36]} 15. h4 {[%clk 00:35:24]} {[%emt 00:02:59]}
b6 {[%clk 01:02:59]} {[%emt 00:04:25]} 16. d3 {[%clk 00:32:44]} {[%emt
00:03:10]} Ba6 {[%clk 01:02:31]} {[%emt 00:00:59]} 17. c4 {[%clk 00:32:14]}
{[%emt 00:01:00]} Rg4 {[%clk 00:53:39]} {[%emt 00:09:22]} 18. Bg5 {[%clk
00:30:06]} {[%emt 00:02:37]} Rxg5 {[%clk 00:53:35]} {[%emt 00:00:34]} 19. hxg5
{[%clk 00:30:29]} {[%emt 00:00:07]} Rf8 {[%clk 00:53:33]} {[%emt 00:00:32]} 20.
Qxf5+ {[%clk 00:30:14]} {[%emt 00:00:46]} Qe6 {[%clk 00:53:47]} {[%emt
00:00:16]} 21. Qxe6+ {[%clk 00:30:22]} {[%emt 00:00:22]} Kxe6 {[%clk 00:54:10]}
{[%emt 00:00:07]} 22. g6 {[%clk 00:30:46]} {[%emt 00:00:06]} Kf6 {[%clk
00:54:30]} {[%emt 00:00:09]} 23. Rg1 {[%clk 00:30:40]} {[%emt 00:00:35]} Kg7
{[%clk 00:54:45]} {[%emt 00:00:16]} 24. Nc3 {[%clk 00:30:38]} {[%emt 00:00:32]}
Bc8 {[%clk 00:55:00]} {[%emt 00:00:16]} 25. Ke2 {[%clk 00:27:45]} {[%emt
00:03:22]} Bf5 {[%clk 00:55:01]} {[%emt 00:00:29]} 26. Rg5 {[%clk 00:27:37]}
{[%emt 00:00:33]} Be6 {[%clk 00:54:26]} {[%emt 00:01:10]} 27. Rh1 {[%clk
00:27:35]} {[%emt 00:00:31]} Bxf7 {[%clk 00:47:01]} {[%emt 00:07:56]} 28. gxf7+
{[%clk 00:27:51]} {[%emt 00:00:14]} Kf6 {[%clk 00:47:14]} {[%emt 00:00:18]} 29.
Ne4+ {[%clk 00:28:14]} {[%emt 00:00:07]} 1-0

[Event "DEM U14 2024"]
[Site "Willingen GER"]
[Date "2024.05.19"]
[Round "1"]
[White "Li, Luxuan"]
[Black "Herrmann, Arthur"]
[Result "0-1"]
[Termination "normal"]
[Board "23"]
[WhiteElo "1709"]
[BlackElo "1929"]
[WhiteClock "00:01:20"]
[BlackClock "00:05:04"]
[PlyCount "66"]
[WhiteFideId "34617507"]
[BlackFideId "16287150"]
[EventCountry "GER"]
[EventRounds "9"]
[EventType "swiss"]
[EventDate "2024.05.18"]

1. d4 {[%clk 01:30:53]} {[%emt 00:00:06]} d5 {[%clk 01:30:49]} {[%emt
00:00:12]} 2. Nf3 {[%clk 01:31:18]} {[%emt 00:00:05]} Nf6 {[%clk 01:31:02]}
{[%emt 00:00:17]} 3. c3 {[%clk 01:31:41]} {[%emt 00:00:06]} e6 {[%clk
01:22:59]} {[%emt 00:08:33]} 4. Bf4 {[%clk 01:31:48]} {[%emt 00:00:23]} c6
{[%clk 01:15:24]} {[%emt 00:08:05]} 5. e3 {[%clk 01:27:16]} {[%emt 00:05:01]}
Bd6 {[%clk 01:12:57]} {[%emt 00:02:57]} 6. Nbd2 {[%clk 01:20:52]} {[%emt
00:06:55]} Bxf4 {[%clk 00:54:44]} {[%emt 00:18:43]} 7. exf4 {[%clk 01:20:44]}
{[%emt 00:00:38]} Nbd7 {[%clk 00:48:55]} {[%emt 00:06:19]} 8. Ne5 {[%clk
01:14:41]} {[%emt 00:06:33]} c5 {[%clk 00:45:40]} {[%emt 00:03:45]} 9. Nxd7
{[%clk 01:03:11]} {[%emt 00:12:00]} Bxd7 {[%clk 00:42:26]} {[%emt 00:03:45]}
10. dxc5 {[%clk 00:57:44]} {[%emt 00:05:56]} Qc7 {[%clk 00:41:44]} {[%emt
00:01:11]} 11. Bd3 {[%clk 00:49:33]} {[%emt 00:08:42]} Qxf4 {[%clk 00:38:48]}
{[%emt 00:03:26]} 12. Rc1 {[%clk 00:43:51]} {[%emt 00:06:12]} O-O {[%clk
00:35:01]} {[%emt 00:04:17]} 13. O-O {[%clk 00:40:21]} {[%emt 00:04:00]} e5
{[%clk 00:32:10]} {[%emt 00:03:22]} 14. Be2 {[%clk 00:35:05]} {[%emt 00:05:46]}
Rad8 {[%clk 00:26:25]} {[%emt 00:06:15]} 15. g3 {[%clk 00:32:13]} {[%emt
00:03:21]} Qh6 {[%clk 00:25:49]} {[%emt 00:01:06]} 16. Re1 {[%clk 00:29:45]}
{[%emt 00:02:58]} Bf5 {[%clk 00:20:22]} {[%emt 00:05:57]} 17. Nf3 {[%clk
00:24:43]} {[%emt 00:05:32]} e4 {[%clk 00:16:35]} {[%emt 00:04:17]} 18. Nh4
{[%clk 00:21:40]} {[%emt 00:03:33]} Be6 {[%clk 00:16:07]} {[%emt 00:00:59]} 19.
Ng2 {[%clk 00:19:26]} {[%emt 00:02:43]} g5 {[%clk 00:10:31]} {[%emt 00:06:07]}
20. Qd2 {[%clk 00:14:39]} {[%emt 00:05:17]} Ng4 {[%clk 00:09:52]} {[%emt
00:01:09]} 21. h3 {[%clk 00:10:31]} {[%emt 00:04:37]} Ne5 {[%clk 00:09:13]}
{[%emt 00:01:09]} 22. h4 {[%clk 00:09:15]} {[%emt 00:01:46]} f6 {[%clk
00:08:51]} {[%emt 00:00:52]} 23. hxg5 {[%clk 00:06:36]} {[%emt 00:03:08]} fxg5
{[%clk 00:09:11]} {[%emt 00:00:11]} 24. Nh4 {[%clk 00:04:50]} {[%emt 00:02:16]}
Qf6 {[%clk 00:09:05]} {[%emt 00:00:36]} 25. Ng2 {[%clk 00:02:01]} {[%emt
00:03:18]} Qxf2+ {[%clk 00:09:31]} {[%emt 00:00:06]} 26. Kh1 {[%clk 00:01:45]}
{[%emt 00:00:45]} Nf3 {[%clk 00:07:22]} {[%emt 00:02:39]} 27. Qe3 {[%clk
00:00:39]} {[%emt 00:01:36]} Qxe3 {[%clk 00:05:10]} {[%emt 00:02:42]} 28. Nxe3
{[%clk 00:01:04]} {[%emt 00:00:05]} Nxe1 {[%clk 00:05:34]} {[%emt 00:00:05]}
29. Rxe1 {[%clk 00:01:23]} {[%emt 00:00:11]} Rc8 {[%clk 00:04:43]} {[%emt
00:01:21]} 30. b4 {[%clk 00:01:13]} {[%emt 00:00:41]} b6 {[%clk 00:04:49]}
{[%emt 00:00:24]} 31. cxb6 {[%clk 00:01:01]} {[%emt 00:00:43]} axb6 {[%clk
00:05:12]} {[%emt 00:00:07]} 32. Rc1 {[%clk 00:01:20]} {[%emt 00:00:10]} d4
{[%clk 00:05:01]} {[%emt 00:00:41]} 33. Ng4 {[%clk 00:01:20]} {[%emt 00:00:30]}
d3 {[%clk 00:05:04]} {[%emt 00:00:27]} 0-1

[Event "DEM U14 2024"]
[Site "Willingen GER"]
[Date "2024.05.19"]
[Round "1"]
[White "Lu, Yunong Elias"]
[Black "Sasse, Conan"]
[Result "1-0"]
[Termination "normal"]
[Board "24"]
[WhiteElo "1990"]
[BlackElo "1779"]
[WhiteClock "00:54:56"]
[BlackClock "00:32:49"]
[PlyCount "91"]
[WhiteFideId "16276426"]
[BlackFideId "34684336"]
[EventCountry "GER"]
[EventRounds "9"]
[EventType "swiss"]
[EventDate "2024.05.18"]

1. e4 {[%clk 01:30:53]} {[%emt 00:00:05]} c5 {[%clk 01:30:55]} {[%emt
00:00:06]} 2. Nf3 {[%clk 01:31:18]} {[%emt 00:00:04]} d6 {[%clk 01:31:13]}
{[%emt 00:00:13]} 3. Bb5+ {[%clk 01:31:42]} {[%emt 00:00:06]} Bd7 {[%clk
01:31:31]} {[%emt 00:00:13]} 4. c4 {[%clk 01:32:05]} {[%emt 00:00:06]} a6
{[%clk 01:30:21]} {[%emt 00:01:41]} 5. Bxd7+ {[%clk 01:32:28]} {[%emt
00:00:06]} Nxd7 {[%clk 01:30:44]} {[%emt 00:00:07]} 6. d4 {[%clk 01:32:51]}
{[%emt 00:00:08]} cxd4 {[%clk 01:30:58]} {[%emt 00:00:15]} 7. Nxd4 {[%clk
01:33:16]} {[%emt 00:00:05]} Ngf6 {[%clk 01:31:16]} {[%emt 00:00:13]} 8. Nc3
{[%clk 01:33:37]} {[%emt 00:00:08]} Rc8 {[%clk 01:30:27]} {[%emt 00:01:19]} 9.
Qa4 {[%clk 01:30:40]} {[%emt 00:03:27]} Qc7 {[%clk 01:29:14]} {[%emt 00:01:44]}
10. b3 {[%clk 01:30:12]} {[%emt 00:00:58]} g6 {[%clk 01:27:19]} {[%emt
00:02:24]} 11. Bb2 {[%clk 01:29:43]} {[%emt 00:01:00]} Bg7 {[%clk 01:27:05]}
{[%emt 00:00:44]} 12. O-O {[%clk 01:26:23]} {[%emt 00:03:48]} O-O {[%clk
01:26:14]} {[%emt 00:03:19]} 13. Qb4 {[%clk 01:25:22]} Nc5 {[%clk 01:23:08]}
{[%emt 00:03:10]} 14. Nd5 {[%clk 01:16:33]} {[%emt 00:09:19]} Nxd5 {[%clk
01:14:21]} {[%emt 00:09:17]} 15. exd5 {[%clk 01:16:57]} {[%emt 00:00:06]} Nd3
{[%clk 01:14:19]} {[%emt 00:00:31]} 16. Qd2 {[%clk 01:17:04]} {[%emt 00:00:24]}
Nxb2 {[%clk 01:14:43]} {[%emt 00:00:06]} 17. Qxb2 {[%clk 01:17:27]} {[%emt
00:00:07]} Qc5 {[%clk 01:15:04]} {[%emt 00:00:08]} 18. Rfd1 {[%clk 01:17:49]}
{[%emt 00:00:09]} Rc7 {[%clk 01:12:44]} {[%emt 00:02:51]} 19. Rac1 {[%clk
01:13:37]} {[%emt 00:04:42]} Rfc8 {[%clk 01:10:53]} {[%emt 00:02:21]} 20. Qd2
{[%clk 01:13:15]} {[%emt 00:00:51]} Bxd4 {[%clk 01:08:48]} {[%emt 00:02:35]}
21. Qxd4 {[%clk 01:13:02]} {[%emt 00:00:43]} Qxd4 {[%clk 01:09:07]} {[%emt
00:00:12]} 22. Rxd4 {[%clk 01:13:28]} {[%emt 00:00:04]} b5 {[%clk 01:03:11]}
{[%emt 00:06:26]} 23. f4 {[%clk 01:12:27]} {[%emt 00:01:30]} b4 {[%clk
00:40:08]} {[%emt 00:23:33]} 24. Rd3 {[%clk 01:02:18]} {[%emt 00:10:38]} a5
{[%clk 00:34:36]} {[%emt 00:06:02]} 25. a3 {[%clk 01:01:02]} {[%emt 00:01:46]}
bxa3 {[%clk 00:35:00]} {[%emt 00:00:06]} 26. Ra1 {[%clk 01:01:28]} {[%emt
00:00:04]} Rc5 {[%clk 00:35:13]} {[%emt 00:00:17]} 27. Rxa3 {[%clk 01:01:34]}
{[%emt 00:00:25]} Rb8 {[%clk 00:35:10]} {[%emt 00:00:33]} 28. Kf2 {[%clk
01:01:01]} {[%emt 00:01:02]} Rb4 {[%clk 00:35:36]} {[%emt 00:00:04]} 29. Ke3
{[%clk 00:58:15]} {[%emt 00:03:16]} Kf8 {[%clk 00:34:41]} {[%emt 00:01:25]} 30.
g4 {[%clk 00:51:32]} {[%emt 00:07:13]} a4 {[%clk 00:30:07]} {[%emt 00:05:05]}
31. Rxa4 {[%clk 00:49:17]} {[%emt 00:02:45]} Rcxc4 {[%clk 00:30:32]} {[%emt
00:00:05]} 32. Ra8+ {[%clk 00:49:41]} {[%emt 00:00:06]} Kg7 {[%clk 00:30:28]}
{[%emt 00:00:33]} 33. bxc4 {[%clk 00:50:03]} {[%emt 00:00:08]} Rxc4 {[%clk
00:30:35]} {[%emt 00:00:24]} 34. Ra7 {[%clk 00:50:25]} {[%emt 00:00:08]} g5
{[%clk 00:30:53]} {[%emt 00:00:11]} 35. fxg5 {[%clk 00:50:32]} {[%emt
00:00:22]} Rxg4 {[%clk 00:31:16]} {[%emt 00:00:07]} 36. Rxe7 {[%clk 00:50:58]}
{[%emt 00:00:05]} Rxg5 {[%clk 00:31:35]} {[%emt 00:00:12]} 37. Kf4 {[%clk
00:51:16]} {[%emt 00:00:09]} h6 {[%clk 00:31:26]} {[%emt 00:00:41]} 38. Rg3
{[%clk 00:51:41]} {[%emt 00:00:05]} Kf6 {[%clk 00:31:44]} {[%emt 00:00:12]} 39.
Rxf7+ {[%clk 00:52:02]} {[%emt 00:00:09]} Kxf7 {[%clk 00:32:11]} {[%emt
00:00:03]} 40. Rxg5 {[%clk 00:52:28]} {[%emt 00:00:05]} hxg5+ {[%clk 00:32:18]}
{[%emt 00:00:23]} 41. Kxg5 {[%clk 00:52:52]} {[%emt 00:00:04]} Kg7 {[%clk
00:32:18]} {[%emt 00:00:31]} 42. Kf5 {[%clk 00:53:18]} {[%emt 00:00:05]} Kf7
{[%clk 00:32:12]} {[%emt 00:00:35]} 43. h4 {[%clk 00:53:43]} {[%emt 00:00:05]}
Ke7 {[%clk 00:32:33]} {[%emt 00:00:09]} 44. Kg6 {[%clk 00:54:07]} {[%emt
00:00:06]} Kf8 {[%clk 00:32:27]} {[%emt 00:00:36]} 45. Kf6 {[%clk 00:54:31]}
{[%emt 00:00:06]} Kg8 {[%clk 00:32:49]} {[%emt 00:00:08]} 46. Ke6 {[%clk
00:54:56]} {[%emt 00:00:05]} 1-0